کلمو ہی ناول (Record no. 233177)

000 -LEADER
fixed length control field nam a22 7a 4500
003 - CONTROL NUMBER IDENTIFIER
control field Nust
005 - DATE AND TIME OF LATEST TRANSACTION
control field 20170303153745.0
008 - FIXED-LENGTH DATA ELEMENTS--GENERAL INFORMATION
fixed length control field 170303b xxu||||| |||| 00| 0 eng d
040 ## - CATALOGING SOURCE
Transcribing agency DLC
082 ## - DEWEY DECIMAL CLASSIFICATION NUMBER
Classification number 891.4393 TEG
245 ## - TITLE STATEMENT
Title کلمو ہی ناول
Statement of responsibility, etc. ٹیگور،رابندر ناتھ
260 ## - PUBLICATION, DISTRIBUTION, ETC.
Place of publication, distribution, etc. Lahore :
Date of publication, distribution, etc. 2010
300 ## - PHYSICAL DESCRIPTION
Extent 253p. :
Dimensions 25cm
942 ## - ADDED ENTRY ELEMENTS (KOHA)
Source of classification or shelving scheme
Koha item type Book
Holdings
Withdrawn status Lost status Source of classification or shelving scheme Damaged status Not for loan Permanent Location Current Location Date acquired Total Checkouts Full call number Barcode Date last seen Price effective from Koha item type
          School of Civil and Environmental Engineering (SCEE) School of Civil and Environmental Engineering (SCEE) 03/03/2017   891.4393 TEG NIT-7306 03/03/2017 03/03/2017 Book
© 2023 Central Library, National University of Sciences and Technology. All Rights Reserved.